Sports Quiz

Random Sports or NFL Quiz

NFL 100 Yard Rushers (2014) Quiz Stats

 Plays Quiz Updated Feb 7, 2015

Challenge
Share
Tweet
Embed
Score 0/102 Timer 06:00
1 Play Today
Yards Player % Correct
179DeMarco Murray
89.1%
167DeMarco Murray
89.1%
149DeMarco Murray
89.1%
141DeMarco Murray
89.1%
136DeMarco Murray
89.1%
128DeMarco Murray
89.1%
121DeMarco Murray
89.1%
118DeMarco Murray
89.1%
115DeMarco Murray
89.1%
100DeMarco Murray
89.1%
100DeMarco Murray
89.1%
100DeMarco Murray
89.1%
204Le'Veon Bell
88.6%
185Le'Veon Bell
88.6%
147Le'Veon Bell
88.6%
109Le'Veon Bell
88.6%
140Marshawn Lynch
88.4%
124Marshawn Lynch
88.4%
113Marshawn Lynch
88.4%
110Marshawn Lynch
88.4%
104Marshawn Lynch
88.4%
112Latavius Murray
87.4%
159LeSean McCoy
81%
149LeSean McCoy
81%
130LeSean McCoy
81%
117LeSean McCoy
81%
158Frank Gore
77.9%
144Frank Gore
77.8%
119Frank Gore
77.8%
107Frank Gore
77.8%
125Eddie Lacy
75.6%
105Eddie Lacy
75.6%
100Eddie Lacy
75.6%
105Chris Johnson
75.5%
Yards Player % Correct
101Steven Jackson
74.4%
159Jamaal Charles
73%
157Arian Foster
72.3%
151Arian Foster
72.3%
138Arian Foster
72.3%
127Arian Foster
72.3%
109Arian Foster
72.3%
103Arian Foster
72.3%
102Arian Foster
72.3%
122Matt Forte
70.8%
117Matt Forte
70.8%
114Matt Forte
70.8%
118LeGarrette Blount
69.8%
131Andre Williams
69.7%
110Andre Williams
69.7%
100Kerwynn Williams
69.4%
154Jeremy Hill
65.9%
152Jeremy Hill
65.9%
148Jeremy Hill
65.9%
147Jeremy Hill
65.9%
100Jeremy Hill
65.9%
168CJ Anderson
63.2%
167CJ Anderson
63.1%
182Justin Forsett
61.8%
112Justin Forsett
61.8%
111Justin Forsett
61.8%
106Justin Forsett
61.8%
125Alfred Morris
60.9%
155Jonathan Stewart
57.3%
122Jonathan Stewart
57.3%
172Mark Ingram
57.3%
122Mark Ingram
57.3%
120Mark Ingram
57.3%
100Mark Ingram
57.3%
Yards Player % Correct
137Giovani Bernard
56.5%
122Russell Wilson
55.4%
107Russell Wilson
55.4%
106Russell Wilson
55.4%
178Lamar Miller
53.9%
108Lamar Miller
53.9%
201Jonas Gray
52.5%
108Doug Martin
51.6%
107Chris Ivory
51.4%
102Chris Ivory
51.4%
107Cam Newton
46.8%
105Ryan Mathews
46.1%
176Rashad Jennings
41.3%
151Colin Kaepernick
40.6%
127Denard Robinson
37.8%
108Denard Robinson
37.8%
134Knowshon Moreno
37.1%
113Stevan Ridley
37%
101Stevan Ridley
37%
132Knile Davis
35.7%
107Knile Davis
35.7%
117Tre Mason
35.2%
113Tre Mason
35.2%
109Ronnie Hillman
34%
100Ronnie Hillman
34%
124Ben Tate
33.4%
100Terrance West
31%
135Jerick McKinnon
29.4%
103Jerick McKinnon
29.4%
156Alfred Blue
26.4%
114Branden Oliver
23.5%
101Branden Oliver
23.5%
144Bobby Rainey
15.3%
102Cordarrelle Patterson
7.9%

You're not logged in!

Compare scores with friends on all Sporcle quizzes.
Join for Free
OR
Log In

You Might Also Like...

Show Comments

Extras

Top Quizzes Today


Score Distribution

Your Account Isn't Verified!

In order to create a playlist on Sporcle, you need to verify the email address you used during registration. Go to your Sporcle Settings to finish the process.

Report this User

Report this user for behavior that violates our Community Guidelines.

Details: